Biblioteca y Centro de Documentación

Pérdidas netas (Registro nro. 4212)

Detalles MARC
000 -CABECERA
Longitud fija campo de control 01726nam a2200469 c 4500
001 - NÚMERO DE CONTROL
Número de control 4212
003 - IDENTIFICADOR DE NÚMERO DE CONTROL
Identificador del número de control ES-MaCES
005 - FECHA Y HORA DE LA ÚLTIMA TRANSACCIÓN
Fecha y hora de la última transacción 20141221121714.0
008 - CAMPO FIJO DE DESCRIPCIÓN FIJA--INFORMACIÓN GENERAL
Códigos de información de longitud fija   961008s1995 sp ||| | spa d
017 ## - NÚMERO DE REGISTRO DE DERECHOS DE AUTOR Y DEPÓSITO LEGAL
Número de copyright o de depósito legal BI-265-95
Agencia que asigna el número DL
020 ## - ISBN (INTERNATIONAL STANDARD BOOK NUMBER)
Número Internacional Normalizado para Libros (ISBN) 8488949049
035 ## - NÚMERO DE CONTROL DEL SISTEMA
Número de control del sistema CES19980042477m
040 ## - FUENTE DE CATALOGACIÓN
Centro catalogador de origen ES-MaCES
Lengua de catalogación spa
Centro transcriptor ES-MaCES
100 1# - ENCABEZAMIENTO PRINCIPAL--NOMBRE PERSONAL
Nombre de persona Weber, Peter
9 (RLIN) 26176
245 10 - MENCIÓN DE TÍTULO
Título Pérdidas netas
Resto del título : pesca, empleo y medio ambiente marino
Mención de responsabilidad, etc. Peter Weber ; [traducción del inglés, Mª del Mar Cordivilla ; revisión de la traducción, Roberto Bermejo ; responsable de edición, Josu Ugarte]
250 ## - MENCIÓN DE EDICIÓN
Mención de edición 1ª ed
260 ## - PUBLICACIÓN, DISTRIBUCIÓN, ETC (PIE DE IMPRENTA)
Lugar de publicación, distribución, etc. Bilbao
Nombre del editor, distribuidor, etc. Bakeaz
Fecha de publicación, distribución, etc. 1995
300 ## - DESCRIPCIÓN FÍSICA
Extensión 92 p.
Dimensiones 22 cm
490 1# - MENCIÓN DE SERIE
Mención de serie Cuadernos Worldwatch
500 ## - NOTA GENERAL
Nota general Traducción de: Net loss, fish, jobs, and the marine environment
541 ## - NOTA DE LA FUENTE INMEDIANTE DE ADQUISICIÓN
Forma de adquisición Compra
650 #4 - ASIENTO SECUNDARIO DE MATERIA--TÉRMINO DE MATERIA
Término de materia o nombre geográfico como elemento inicial pesca
9 (RLIN) 27611
650 #4 - ASIENTO SECUNDARIO DE MATERIA--TÉRMINO DE MATERIA
Término de materia o nombre geográfico como elemento inicial desarrollo de la industria pesquera
9 (RLIN) 27609
650 #4 - ASIENTO SECUNDARIO DE MATERIA--TÉRMINO DE MATERIA
Término de materia o nombre geográfico como elemento inicial producción pesquera
9 (RLIN) 29735
650 #4 - ASIENTO SECUNDARIO DE MATERIA--TÉRMINO DE MATERIA
Término de materia o nombre geográfico como elemento inicial trabajador de la pesca
9 (RLIN) 28434
650 #4 - ASIENTO SECUNDARIO DE MATERIA--TÉRMINO DE MATERIA
Término de materia o nombre geográfico como elemento inicial empleo
9 (RLIN) 28299
650 #4 - ASIENTO SECUNDARIO DE MATERIA--TÉRMINO DE MATERIA
Término de materia o nombre geográfico como elemento inicial degradación del medio ambiente
9 (RLIN) 30722
650 #4 - ASIENTO SECUNDARIO DE MATERIA--TÉRMINO DE MATERIA
Término de materia o nombre geográfico como elemento inicial protección ambiental
9 (RLIN) 29423
650 #4 - ASIENTO SECUNDARIO DE MATERIA--TÉRMINO DE MATERIA
Término de materia o nombre geográfico como elemento inicial recursos marinos
9 (RLIN) 28716
650 #4 - ASIENTO SECUNDARIO DE MATERIA--TÉRMINO DE MATERIA
Término de materia o nombre geográfico como elemento inicial zona económica exclusiva
9 (RLIN) 29732
650 #4 - ASIENTO SECUNDARIO DE MATERIA--TÉRMINO DE MATERIA
Término de materia o nombre geográfico como elemento inicial desarrollo sostenible
9 (RLIN) 30785
650 #4 - ASIENTO SECUNDARIO DE MATERIA--TÉRMINO DE MATERIA
Término de materia o nombre geográfico como elemento inicial cuadros estadísticos
9 (RLIN) 28890
653 10 - TÉRMINO DE INDEXACIÓN--NO CONTROLADO
Término no controlado Pesca
700 1# - ENCABEZAMIENTO SECUNDARIO--NOMBRE PERSONAL
Nombre de persona Cordivilla, María del Mar
Término indicativo de función tr.
9 (RLIN) 9969
700 1# - ENCABEZAMIENTO SECUNDARIO--NOMBRE PERSONAL
Nombre de persona Bermejo, Roberto
Término indicativo de función col.
9 (RLIN) 7612
700 1# - ENCABEZAMIENTO SECUNDARIO--NOMBRE PERSONAL
Nombre de persona Ugarte, Josu
Término indicativo de función ed. lit.
9 (RLIN) 25302
710 1# - ENCABEZAMIENTO SECUNDARIO--NOMBRE CORPORATIVO
Nombre de entidad o nombre de jurisdicción como elemento inicial Centro de Documentación y Estudios para la Paz (Bilbao)
Término indicativo de función ed.
9 (RLIN) 1855
830 #0 - ENCABEZAMIENTO SECUNDARIO DE COLECCIÓN--TÍTULO UNIFORME
Título uniforme Cuadernos Worldwatch (Worldwatch Institute (Washington, D.C.))
9 (RLIN) 32677
902 ## - CES. TIPO DE DOCUMENTO
Tipodoc (006$c Sirtex) LIB Libro
942 ## - ELEMENTOS KOHA
Fuente de clasificaión o esquema Clasificación propia del CES
Koha [por defecto] tipo de item Monografías
Parte de clasificación 5.1.
Existencias
Número de registro Signatura completa Tipo de item de Koha
016594 DPT-3069 Monografías
© CES, Consejo Económico y Social de España 2021